[Event "Pardubice Czech op-E 34th"]
[Site "Pardubice"]
[Date "2023.07.14"]
[Round "3"]
[White "Varejcko, Josef"]
[Black "Pychova, Nela"]
[Result "0-1"]
[WhiteElo "2141"]
[BlackElo "2072"]
[PlyCount "70"]
[EventDate "2023.07.13"]
[EventType "team-swiss"]
[EventRounds "7"]
[EventCountry "CZE"]
[SourceTitle "CBM 215 Extra"]
[Source "ChessBase"]
[SourceDate "2023.09.30"]
[SourceVersion "1"]
[SourceVersionDate "2023.09.30"]
[SourceQuality "1"]
[WhiteTeam "Polabiny II"]
[BlackTeam "Vlasim Spartak"]
[WhiteTeamCountry "CZE"]
[BlackTeamCountry "CZE"]

1. d4 Nf6 2. g3 e6 3. Bg2 d5 4. Nf3 Be7 5. 0-0 0-0 6. c4 c6 7. Nc3 Nbd7 8. Nd2 b6 9. e4 dxe4 10. Ndxe4 Bb7 11. Bf4 Nxe4 12. Nxe4 Nf6 13. Be5 Rc8 14. Re1 Ba8 15. Ng5 Nd7 16. Nxh7 Kxh7 17. Qh5+ Kg8 18. Bxg7 Kxg7 19. Re4 Bg5 20. Rg4 f6 21. Be4 Rh8 22. Qg6+ Kf8 23. Rxg5 fxg5 24. Qxe6 Nf6 25. Bg6 Rc7 26. Qe5 Rg8 27. Qxg5 Rcg7 28. Qh6 Qxd4 29. Re1 c5 30. h4 Qd6 31. h5 Qc6 32. Kf1 Qg2+ 33. Ke2 Qf3+ 34. Kf1 Bc6 35. Re3 Qxf2+ 0-1

[Event "CZE-chT1W 2223"]
[Site "Czech Republic"]
[Date "2023.01.15"]
[Round "6.6"]
[White "Hajiyev, Kanan"]
[Black "Varejcko, Josef"]
[Result "1-0"]
[WhiteElo "2153"]
[BlackElo "2201"]
[PlyCount "151"]
[EventDate "2022.10.09"]
[EventType "team-tourn"]
[EventRounds "11"]
[EventCountry "CZE"]
[SourceTitle "CBM 213 Extra"]
[Source "ChessBase"]
[SourceDate "2023.05.31"]
[SourceVersion "1"]
[SourceVersionDate "2023.05.31"]
[SourceQuality "1"]
[WhiteTeam "Praha DP EA Hotels II"]
[BlackTeam "Polabiny III"]
[WhiteTeamCountry "CZE"]
[BlackTeamCountry "CZE"]

1. d4 Nf6 2. Nf3 g6 3. g3 Bg7 4. Bg2 0-0 5. 0-0 d5 6. c4 c6 7. cxd5 cxd5 8. Nc3 Nc6 9. Ne5 e6 10. Nxc6 bxc6 11. Na4 Nd7 12. Be3 e5 13. Rc1 Bb7 14. dxe5 Bxe5 15. Qb3 Ba6 16. Rxc6 Bxe2 17. Re1 Bc4 18. Qd1 Bb5 19. Rc1 Bxa4 20. Qxa4 Bxb2 21. Rcd1 Nb6 22. Qb3 Bg7 23. Bxd5 Nxd5 24. Rxd5 Qb8 25. Rb5 Qc8 26. Rb7 a5 27. Rc1 Qf5 28. Rc5 a4 29. Qc4 Qf3 30. Rcc7 Rad8 31. Rb1 Rfe8 32. Bf4 Rf8 33. Qxa4 h5 34. Qc6 Qg4 35. h4 Bd4 36. Kg2 Rfe8 37. Qf3 Ra8 38. Qd5 Qf5 39. Qxf5 gxf5 40. Rd1 Re4 41. Rd2 Bb6 42. Rb7 Re6 43. Rd6 Bc5 44. Rxe6 fxe6 45. Rb8+ Rxb8 46. Bxb8 Ba3 47. Kf3 Kf7 48. Be5 Ke7 49. Ke2 Kd7 50. Kd3 Kc6 51. Kc4 Kb6 52. Bc3 Kc6 53. Bb4 Bb2 54. a4 f4 55. Bc3 Ba3 56. Be5 fxg3 57. fxg3 Bc5 58. a5 Bf2 59. Bf4 Bg1 60. g4 hxg4 61. h5 g3 62. Bxg3 Be3 63. Kd3 Bh6 64. Ke4 Bg7 65. Be5 Bh6 66. Bf4 Bg7 67. Bd2 Kc5 68. Be1 Kb5 69. Kf4 Ka6 70. Kg5 Bd4 71. Bd2 Kb5 72. h6 Kc6 73. h7 Kd5 74. a6 Kc6 75. Kg6 Bb2 76. Bg5 1-0

[Event "CZE-chT1W 1920"]
[Site "Czech Republic"]
[Date "2020.03.01"]
[Round "9.1"]
[White "Varejcko, Josef"]
[Black "Kozeny, Pavel"]
[Result "1-0"]
[WhiteElo "2248"]
[BlackElo "2036"]
[PlyCount "157"]
[EventDate "2019.10.20"]
[EventType "team-tourn"]
[EventRounds "11"]
[EventCountry "CZE"]
[SourceTitle "CBM 195 Extra"]
[Source "ChessBase"]
[SourceDate "2020.05.31"]
[SourceVersion "1"]
[SourceVersionDate "2020.05.31"]
[SourceQuality "1"]
[WhiteTeam "Polabiny II"]
[BlackTeam "Lysa nad Labem III"]
[WhiteTeamCountry "CZE"]
[BlackTeamCountry "CZE"]

1. d4 Nf6 2. g3 d5 3. Bg2 c6 4. Nf3 g6 5. 0-0 Bg7 6. c4 0-0 7. cxd5 cxd5 8. Nc3 Nc6 9. Ne5 e6 10. Nxc6 bxc6 11. Na4 Re8 12. Bg5 h6 13. Bf4 Nh5 14. Be3 Kh7 15. Rc1 Bd7 16. Bf3 Nf6 17. Bf4 Ng8 18. Nc5 f6 19. e4 Bf8 20. exd5 exd5 21. Nxd7 Qxd7 22. Qa4 Re6 23. Rc3 Bg7 24. Rfc1 Ne7 25. Rc5 f5 26. Ra5 Qb7 27. b3 g5 28. Be3 Ng6 29. Ra6 f4 30. Bd2 fxg3 31. hxg3 Bxd4 32. Bg4 Bxf2+ 33. Kxf2 Re4 34. Qxc6 Rf8+ 35. Kg2 Qf7 36. Qxg6+ Qxg6 37. Rxg6 Kxg6 38. Rc6+ Kg7 39. Rc7+ Kg6 40. Bf3 Rd4 41. Bc3 Rd3 42. Be2 Re3 43. Rg7+ Kf5 44. g4+ Ke6 45. Rg6+ Kf7 46. Rf6+ Kg8 47. Rxf8+ Kxf8 48. Bb4+ Kf7 49. Kf2 Rh3 50. Bf3 Rh2+ 51. Bg2 Ke6 52. Be1 h5 53. Kg1 Rxg2+ 54. Kxg2 hxg4 55. Bf2 a6 56. Be3 Kf5 57. Kg3 Ke4 58. Bxg5 Kd3 59. Kxg4 Kc3 60. Bf6+ d4 61. Kf4 a5 62. Ke4 a4 63. Kd5 Kb4 64. Be7+ Kc3 65. bxa4 d3 66. a3 d2 67. Bb4+ Kb3 68. Bxd2 Kxa4 69. Bb4 Kb5 70. Bc5 Ka5 71. Kc6 Ka6 72. Be3 Ka5 73. Kb7 Kb5 74. Bd2 Ka4 75. Bb4 Kb5 76. Bf8 Ka5 77. Be7 Kb5 78. Bb4 Kc4 79. Kb6 1-0

[Event "CZE-chT2D 1920"]
[Site "Czech Republic"]
[Date "2020.02.09"]
[Round "8.2"]
[White "Varejcko, Josef"]
[Black "Cechura, Petr"]
[Result "1/2-1/2"]
[WhiteElo "2248"]
[BlackElo "2214"]
[PlyCount "38"]
[EventDate "2019.10.13"]
[EventType "team-tourn"]
[EventRounds "11"]
[EventCountry "CZE"]
[SourceTitle "EXT 2024"]
[Source "ChessBase"]
[SourceDate "2023.10.10"]
[SourceVersion "1"]
[SourceVersionDate "2023.10.10"]
[SourceQuality "1"]
[WhiteTeam "Polabiny III"]
[BlackTeam "Nachod Snezka"]
[WhiteTeamCountry "CZE"]
[BlackTeamCountry "CZE"]

1. d4 d5 2. Nf3 Nf6 3. g3 Bf5 4. Bg2 c6 5. 0-0 h6 6. c4 e6 7. Nc3 Nbd7 8. Nd2 Be7 9. e4 dxe4 10. Ndxe4 0-0 11. Re1 Nxe4 12. Nxe4 Nf6 13. Nc3 Qa5 14. Qb3 Qb4 15. Qxb4 Bxb4 16. a3 Bxc3 17. bxc3 Bd3 18. c5 Nd5 19. Bd2 b6 1/2-1/2

[Event "CZE-chT2D 1920"]
[Site "Czech Republic"]
[Date "2019.12.01"]
[Round "4.2"]
[White "Varejcko, Josef"]
[Black "Krmela, Ales"]
[Result "1-0"]
[WhiteElo "2248"]
[BlackElo "2090"]
[PlyCount "61"]
[EventDate "2019.10.13"]
[EventType "team-tourn"]
[EventRounds "11"]
[EventCountry "CZE"]
[SourceTitle "EXT 2024"]
[Source "ChessBase"]
[SourceDate "2023.10.10"]
[SourceVersion "1"]
[SourceVersionDate "2023.10.10"]
[SourceQuality "1"]
[WhiteTeam "Polabiny III"]
[BlackTeam "Zabreh"]
[WhiteTeamCountry "CZE"]
[BlackTeamCountry "CZE"]

1. d4 d5 2. Nf3 Nf6 3. g3 e6 4. Bg2 Be7 5. 0-0 0-0 6. c4 c6 7. Qc2 b6 8. Nbd2 Bb7 9. e4 dxc4 10. e5 Nd5 11. Nxc4 Nd7 12. Qe4 c5 13. Qg4 Kh8 14. Ng5 Bxg5 15. Bxg5 f5 16. exf6 N7xf6 17. Qh4 Qc7 18. dxc5 bxc5 19. Rfe1 Rae8 20. Rad1 e5 21. Bxf6 Nxf6 22. Bxb7 Qxb7 23. Nxe5 Rxe5 24. Rxe5 Qf3 25. Rd2 g5 26. Qxg5 Ne4 27. Rxe4 Qxe4 28. Qe3 Qb1+ 29. Kg2 Qg6 30. Qe5+ Kg8 31. h4 1-0

[Event "CZE-chT1E 1819"]
[Site "Czech Republic"]
[Date "2019.02.03"]
[Round "7.1"]
[White "Krejci, Jan1111"]
[Black "Varejcko, Josef"]
[Result "1-0"]
[WhiteElo "2563"]
[BlackElo "2218"]
[PlyCount "63"]
[EventDate "2018.10.21"]
[EventType "team-tourn"]
[EventRounds "11"]
[EventCountry "CZE"]
[SourceTitle "CBM 188 Extra"]
[Source "ChessBase"]
[SourceDate "2019.02.26"]
[SourceVersion "1"]
[SourceVersionDate "2019.02.26"]
[SourceQuality "1"]
[WhiteTeam "Litovel Tatran"]
[BlackTeam "Polabiny III"]
[WhiteTeamCountry "CZE"]
[BlackTeamCountry "CZE"]

1. e4 g6 2. d4 Bg7 3. Nc3 c5 4. d5 d6 5. Bb5+ Nd7 6. a4 a6 7. Be2 Bxc3+ 8. bxc3 Ngf6 9. f3 b6 10. g4 h5 11. g5 Ng8 12. c4 Qc7 13. Bb2 Rh7 14. Qd2 f6 15. Nh3 Ne5 16. Nf2 Nf7 17. gxf6 exf6 18. h4 Bd7 19. Rg1 g5 20. hxg5 fxg5 21. f4 g4 22. e5 dxe5 23. fxe5 0-0-0 24. Nd3 Bf5 25. 0-0-0 Qe7 26. a5 b5 27. Qf4 Qg5 28. Qxg5 Nxg5 29. Nxc5 bxc4 30. e6 Bd3 31. cxd3 Rxd5 32. d4 1-0

[Event "CZE-chT2D 1718"]
[Site "Czech Republic"]
[Date "2018.02.11"]
[Round "8.3"]
[White "Fisar, Josef"]
[Black "Varejcko, Josef"]
[Result "0-1"]
[WhiteElo "2076"]
[BlackElo "2257"]
[PlyCount "80"]
[EventDate "2017.10.15"]
[EventType "team-tourn"]
[EventRounds "11"]
[EventCountry "CZE"]
[SourceTitle "EXT 2022"]
[Source "ChessBase"]
[SourceDate "2021.10.06"]
[SourceVersion "1"]
[SourceVersionDate "2021.10.06"]
[SourceQuality "1"]
[WhiteTeam "Zdar nad Sazavou"]
[BlackTeam "Lipa"]
[WhiteTeamCountry "CZE"]
[BlackTeamCountry "CZE"]

1. e4 c5 2. Nf3 Nc6 3. Bb5 g6 4. 0-0 Bg7 5. c3 Nf6 6. Re1 0-0 7. h3 d5 8. e5 Ne8 9. d3 Nc7 10. Ba4 b5 11. Bb3 a5 12. d4 cxd4 13. Nxd4 Nxe5 14. f4 Nc4 15. Nc6 Qd7 16. Nxe7+ Kh8 17. Nxc8 Qxc8 18. Nd2 a4 19. Nxc4 dxc4 20. Bc2 a3 21. Be4 Rb8 22. Qc2 Ne6 23. bxa3 Nc5 24. Bb2 f5 25. Bf3 Nd3 26. Rf1 Qc5+ 27. Kh1 Nxf4 28. Rad1 Nd3 29. Bc1 Rf7 30. Rd2 Bh6 31. Rxd3 cxd3 32. Qb3 Bxc1 33. Qxf7 Qxc3 34. Kh2 Bf4+ 35. g3 Be5 36. Qb3 Qd2+ 37. Bg2 Qe2 38. Rd1 Rd8 39. Qxb5 f4 40. Qb3 f3 0-1

[Event "CZE-chT2D 1718"]
[Site "Czech Republic"]
[Date "2017.11.19"]
[Round "3.2"]
[White "Varejcko, Josef"]
[Black "Komarek, David"]
[Result "1/2-1/2"]
[WhiteElo "2257"]
[BlackElo "2156"]
[PlyCount "48"]
[EventDate "2017.10.15"]
[EventType "team-tourn"]
[EventRounds "11"]
[EventCountry "CZE"]
[SourceTitle "EXT 2022"]
[Source "ChessBase"]
[SourceDate "2021.10.06"]
[SourceVersion "1"]
[SourceVersionDate "2021.10.06"]
[SourceQuality "1"]
[WhiteTeam "Lipa"]
[BlackTeam "Policka Stefanydes"]
[WhiteTeamCountry "CZE"]
[BlackTeamCountry "CZE"]

1. d4 d5 2. g3 c6 3. Bg2 Bf5 4. Nf3 e6 5. 0-0 Be7 6. c4 Nd7 7. Nc3 Ngf6 8. Nd2 0-0 9. e4 dxe4 10. Ndxe4 Nxe4 11. Nxe4 Nf6 12. Nc3 Qb6 13. c5 Qa6 14. Re1 Rad8 15. Bf1 Qa5 16. a3 Nd5 17. Qb3 b5 18. Nxd5 Rxd5 19. Be3 Be4 20. a4 bxa4 21. Qxa4 Qxa4 22. Rxa4 Bf6 23. Rxa7 Bxd4 24. Bxd4 Rxd4 1/2-1/2

[Event "CZE-chT2D 1718"]
[Site "Czech Republic"]
[Date "2017.11.05"]
[Round "2.3"]
[White "Varejcko, Josef"]
[Black "Bulockin, Martin"]
[Result "1-0"]
[WhiteElo "2257"]
[BlackElo "2175"]
[PlyCount "85"]
[EventDate "2017.10.15"]
[EventType "team-tourn"]
[EventRounds "11"]
[EventCountry "CZE"]
[SourceTitle "EXT 2022"]
[Source "ChessBase"]
[SourceDate "2021.10.06"]
[SourceVersion "1"]
[SourceVersionDate "2021.10.06"]
[SourceQuality "1"]
[WhiteTeam "Lipa"]
[BlackTeam "Polabiny III"]
[WhiteTeamCountry "CZE"]
[BlackTeamCountry "CZE"]

1. d4 c5 2. c3 Nf6 3. g3 g6 4. Bg2 Qc7 5. Bf4 d6 6. Nf3 Bg7 7. 0-0 0-0 8. Nbd2 Nbd7 9. dxc5 Nxc5 10. Nb3 Ne6 11. Be3 Bd7 12. Nfd4 Ng4 13. Nxe6 Bxe6 14. Bd4 Ne5 15. a4 Bc4 16. a5 Nc6 17. Bxg7 Kxg7 18. Nd4 e5 19. Nxc6 bxc6 20. Ra4 Bb5 21. Rh4 f5 22. Qd2 Kg8 23. c4 Ba6 24. b4 Bb7 25. Rb1 Rad8 26. b5 cxb5 27. Bd5+ Kh8 28. Bxb7 Qxb7 29. cxb5 d5 30. b6 f4 31. gxf4 axb6 32. Rxb6 Qe7 33. Rg4 Rxf4 34. Rxf4 Qg5+ 35. Kf1 exf4 36. Qd4+ Kg8 37. Rb7 Qh6 38. a6 f3 39. e3 g5 40. Ke1 Qf8 41. a7 Re8 42. Qxd5+ Kh8 43. Rb8 1-0

[Event "CZE-chT2D 1617"]
[Site "Czech Republic"]
[Date "2017.03.19"]
[Round "10.2"]
[White "Bukacek, Lubomir"]
[Black "Varejcko, Josef"]
[Result "1/2-1/2"]
[WhiteElo "2113"]
[BlackElo "2236"]
[PlyCount "57"]
[EventDate "2016.10.09"]
[EventType "team-tourn"]
[EventRounds "11"]
[EventCountry "CZE"]
[SourceTitle "EXT 2022"]
[Source "ChessBase"]
[SourceDate "2021.10.06"]
[SourceVersion "1"]
[SourceVersionDate "2021.10.06"]
[SourceQuality "1"]
[WhiteTeam "Zdar nad Sazavou"]
[BlackTeam "Lipa"]
[WhiteTeamCountry "CZE"]
[BlackTeamCountry "CZE"]

1. e4 c5 2. Nf3 Nc6 3. d4 cxd4 4. Nxd4 e5 5. Nb5 a6 6. Nd6+ Bxd6 7. Qxd6 Qf6 8. Qxf6 Nxf6 9. Nc3 Nb4 10. Bd3 d5 11. Nxd5 Nfxd5 12. exd5 Nxd3+ 13. cxd3 Bf5 14. Be3 Rd8 15. d4 exd4 16. Bxd4 Rxd5 17. Be3 Bd3 18. f3 0-0 19. Kf2 f5 20. g3 f4 21. gxf4 Rb5 22. b3 Rc8 23. Rhd1 Rc2+ 24. Rd2 Ra5 25. Rxc2 Bxc2 26. Bd2 Rh5 27. Kg3 Rd5 28. Be3 Bf5 29. Rc1 1/2-1/2

[Event "CZE-chT2D 1516"]
[Site "Czech Republic"]
[Date "2016.01.24"]
[Round "6.4"]
[White "Varejcko, Josef"]
[Black "Dolezel, Jaromir"]
[Result "1-0"]
[WhiteElo "2230"]
[BlackElo "2043"]
[PlyCount "95"]
[EventDate "2015.10.18"]
[EventType "team-tourn"]
[EventRounds "11"]
[EventCountry "CZE"]
[SourceTitle "EXT 2022"]
[Source "ChessBase"]
[SourceDate "2021.10.06"]
[SourceVersion "1"]
[SourceVersionDate "2021.10.06"]
[SourceQuality "1"]
[WhiteTeam "Lipa ZVU Engineering"]
[BlackTeam "Zabreh"]
[WhiteTeamCountry "CZE"]
[BlackTeamCountry "CZE"]

1. d4 Nf6 2. g3 g6 3. Bg2 Bg7 4. Nf3 d6 5. 0-0 0-0 6. c4 c6 7. Nc3 Nbd7 8. Bg5 h6 9. Bf4 Nh5 10. Bc1 e5 11. dxe5 dxe5 12. Ne4 Qe7 13. Qd6 Qxd6 14. Nxd6 Nc5 15. Be3 Ne6 16. Rfd1 f5 17. Nxc8 Rfxc8 18. Rd7 f4 19. Re7 fxe3 20. Rxe6 Kf7 21. Rd6 exf2+ 22. Kxf2 Re8 23. Nd2 Rad8 24. Ne4 Nf6 25. Rad1 Nxe4+ 26. Bxe4 Rxd6 27. Rxd6 Bf6 28. Rd7+ Re7 29. Rd8 Rc7 30. Ra8 Be7 31. a3 Rd7 32. b4 a6 33. c5 Rd8 34. Ra7 Rb8 35. Ke3 Ke6 36. Bxg6 Kd7 37. Bd3 Kc7 38. Bxa6 Bg5+ 39. Kd3 Kc8 40. Bc4 Kc7 41. Ke4 Bc1 42. b5 cxb5 43. Bd5 Bb2 44. Ra5 Bd4 45. Rxb5 b6 46. Rxb6 Rxb6 47. cxb6+ Kxb6 48. g4 1-0

[Event "CZE-chT2D 1516"]
[Site "Czech Republic"]
[Date "2015.11.08"]
[Round "2.5"]
[White "Varejcko, Josef"]
[Black "Hajek, Jaroslav"]
[Result "1-0"]
[WhiteElo "2230"]
[BlackElo "1895"]
[PlyCount "55"]
[EventDate "2015.10.18"]
[EventType "team-tourn"]
[EventRounds "11"]
[EventCountry "CZE"]
[SourceTitle "EXT 2022"]
[Source "ChessBase"]
[SourceDate "2021.10.06"]
[SourceVersion "1"]
[SourceVersionDate "2021.10.06"]
[SourceQuality "1"]
[WhiteTeam "Lipa ZVU Engineering"]
[BlackTeam "Pardubice Rapid II"]
[WhiteTeamCountry "CZE"]
[BlackTeamCountry "CZE"]

1. d4 Nf6 2. g3 d5 3. Bg2 e6 4. Nf3 Be7 5. 0-0 0-0 6. c4 c6 7. Nc3 Nbd7 8. Ne5 Nxe5 9. dxe5 Nd7 10. f4 b6 11. cxd5 cxd5 12. e4 dxe4 13. Nxe4 Rb8 14. Nd6 Ba6 15. Rf2 Nc5 16. Rd2 Bxd6 17. Rxd6 Qc8 18. b4 Nb7 19. Rc6 Qd8 20. Be3 Bb5 21. Qxd8 Rfxd8 22. Rc7 Rd7 23. Rac1 Kf8 24. Rxd7 Bxd7 25. Rc7 Bc8 26. a4 a5 27. Bxb6 axb4 28. Ba7 1-0

[Event "CZE-chT2D 1415"]
[Site "Czech Republic"]
[Date "2015.03.29"]
[Round "10.5"]
[White "Varejcko, Josef"]
[Black "Dolezel, Jaromir"]
[Result "0-1"]
[WhiteElo "2186"]
[BlackElo "2042"]
[PlyCount "106"]
[EventDate "2014.11.02"]
[EventType "team-tourn"]
[EventRounds "11"]
[EventCountry "CZE"]
[SourceTitle "EXT 2022"]
[Source "ChessBase"]
[SourceDate "2021.10.06"]
[SourceVersion "1"]
[SourceVersionDate "2021.10.06"]
[SourceQuality "1"]
[WhiteTeam "Lipa ZVU Engineering"]
[BlackTeam "Zabreh"]
[WhiteTeamCountry "CZE"]
[BlackTeamCountry "CZE"]

1. d4 Nf6 2. g3 g6 3. Bg2 Bg7 4. Nf3 d6 5. 0-0 0-0 6. b4 c5 7. b5 a6 8. c4 axb5 9. cxb5 Bd7 10. Nc3 Qa5 11. Qb3 Be6 12. Qb2 Nd5 13. Nxd5 Bxd5 14. a4 Bxf3 15. Bd2 Bxd4 16. Qc2 Qc7 17. Bxf3 Bxa1 18. Rxa1 Nd7 19. Qe4 Nb6 20. a5 d5 21. Qb1 Nc4 22. Bh6 Rfd8 23. a6 bxa6 24. bxa6 Ne5 25. Bg2 Ng4 26. Bf4 e5 27. Bg5 Rd6 28. Qd3 c4 29. Qf3 Rdxa6 30. Rxa6 Rxa6 31. Qxg4 Ra1+ 32. Bf1 c3 33. Bh6 c2 34. Qb4 Qc8 35. Qe7 c1Q 36. Bxc1 Qxc1 37. Qe8+ Kg7 38. Qxe5+ f6 39. Qe7+ Kh6 40. Qe3+ Qxe3 41. fxe3 Kg5 42. Kf2 Rxf1+ 43. Kxf1 Kf5 44. Kg2 Ke4 45. Kf2 h5 46. Kf1 Kxe3 47. Ke1 g5 48. Kf1 f5 49. Ke1 f4 50. gxf4 gxf4 51. Kf1 f3 52. exf3 Kxf3 53. Kg1 Ke2 0-1